000 00802nam a22001935i 4500
001 159868
003 ES-MaACL
005 20230906211837.0
008 970902s1875 fr a |||| | fre d
040 _aCLM
_bspa
_cCCPB | SIC
100 1 _aMoitessier, Albert.
_9130013
245 1 2 _aL'air /
_cpar A. Moitessier ; ouvrage illustré de 93 gravures dessinées sur bois par B. Bonnafoux... [et al.].
260 _aParis :
_bLibrairie Hachette et Cie.,
_c1875 (
_fImp. Simon Raçon et Comp.)
300 _aIV, 390 p. :
_bil. ;
_c18 cm.
490 1 _aBibliothèque des Merveilles / publiée sous la direction de Edouard Charton
830 0 _aBibliothèque des Merveilles / publiée sous la direction de Edouard Charton
_9188261
852 _aES-MaACL
_jG-9703
_z-- Enc. hol.
999 _c159868
_d159868